|
|
แสดงรายละเอียดบรรณานุกรม |
|
|
Brief Record
: Get Marc (ISO 2709)
: E-mail record
: |
|
|
| LEADER 00000nama 2200000uu 4500 | |||
| 001 180971 | |||
| 003 ULIBM | |||
| 008 040531s2539 th m m a000 0 tha d | |||
| 020 974-083-193-1 | |||
| 041 tha | |||
| 050 HM61 ส238ป 2539 | |||
| 100 สมชัย ใจดี | |||
| 245 ประเพณี และวัฒนธรรมไทย/ สมชัย ใจดีและยรรยง ศรีวิริยาภรณ์ | |||
| 250 9 | |||
| 260 กรุงเทพฯ ไทยวัฒนาพานิช 2539 | |||
| 300 136 หน้า | |||
| 650 ไทย ความเป็นอยู่และประเพณี วัฒนธรรมไทยยรรยง ศรีวิริยาภรณ์ชื่อเรื่อง | |||
| 998 1999-02-05 | |||
| 999 ^aใช้งานได้ทุกระบบ | |||
| คุณยังไม่ได้ล็อกอิน คุณสามารถมีกิจกรรมร่วมกับเว็บไซต์ได้ แต่ต้องล็อกอินก่อน :: |
|
| สถานะ | |||||||||
| 1. | หนังสือทั่วไป | HM61 ส238ป 2539 | On Shelf ขอยืม | ||||||
| 2. | หนังสือทั่วไป | HM61 ส238ป 2539 | On Shelf ขอยืม | ||||||
| [แสดง 2/2 รายการ] | |||||||||
| รายการใกล้เคียง ผู้แต่ง [สมชัย ใจดี] |
BibComment |
| คอมเมนท์ทรัพยากรรายการนี้ |
|
|